UM Logo

Essentials of Sociology/ (Record no. 343)

MARC details
000 -LEADER
fixed length control field 00584nam a22001817a 4500
008 - FIXED-LENGTH DATA ELEMENTS--GENERAL INFORMATION
fixed length control field 151201b xxu||||| |||| 00| 0 eng d
020 ## - INTERNATIONAL STANDARD BOOK NUMBER
International Standard Book Number 9781133940722
082 ## - DEWEY DECIMAL CLASSIFICATION NUMBER
Classification number DC 301
Item number B77e
100 ## - MAIN ENTRY--PERSONAL NAME
9 (RLIN) 820
Personal name Brinkerhoff, David B.
245 ## - TITLE STATEMENT
Title Essentials of Sociology/
Statement of responsibility, etc. David B. Brinkerhoff
250 ## - EDITION STATEMENT
Edition statement 9th Edition
260 ## - PUBLICATION, DISTRIBUTION, ETC. (IMPRINT)
Name of publisher, distributor, etc. Wadsworth, Cengage Learning,
Date of publication, distribution, etc. c2014.
300 ## - PHYSICAL DESCRIPTION
Extent xxx, 430 Pages:
Other physical details Colored Illustration
Dimensions 25.5 cm
500 ## - GENERAL NOTE
General note Includes Glossary, References, Name Index,& Subject Index
700 ## - ADDED ENTRY--PERSONAL NAME
9 (RLIN) 824
Personal name Weitz, Rose
700 ## - ADDED ENTRY--PERSONAL NAME
9 (RLIN) 825
Personal name Ortega, Suzanne T.
942 ## - ADDED ENTRY ELEMENTS (KOHA)
Source of classification or shelving scheme Dewey Decimal Classification
Koha item type Circulation
Holdings
Withdrawn status Lost status Source of classification or shelving scheme Damaged status Not for loan Collection code Home library Current library Date acquired Source of acquisition Total Checkouts Full call number Barcode Date last seen Copy number Price effective from Koha item type
    Dewey Decimal Classification     Circulation UM Digos College - LIC UM Digos College - LIC 09/25/2015 Purchased   DC 301 B77e 2014 22406 06/08/2021 2 12/01/2015 Circulation